[Event "2024 British Rapidplay Championship"]
[Site "Holiday Inn Peterborough - West"]
[Date "2024.03.03"]
[Round "9.70"]
[White "Cheng, Louis"]
[Black "Mitraka, Chrysa"]
[Result "0-1"]
[WhiteFideId "2410389"]
[BlackFideId "2409968"]
[WhiteElo "1840"]
[BlackElo "1612"]
[EventDate "2024.03.02"]

1. e4 c6 2. d4 d5 3. Nc3 dxe4 4. Nxe4 Nf6 5. Nxf6+ exf6 6. c3 Bd6 7. Bd3 O-O 8. Ne2
Re8 9. O-O Nd7 10. Bf4 Nf8 11. Bxd6 Qxd6 12. Qc2 Be6 13. c4 Rad8 14. Rad1 Qc7 15.
Rfe1 Re7 16. b3 Rde8 17. h3 h6 18. Nc3 Bc8 19. Rxe7 Qxe7 20. d5 c5 21. d6 Qd8 22.
Bf5 Bxf5 23. Qxf5 b6 24. Qf3 Qd7 25. Qg3 Ne6 26. Nd5 Kh8 27. Kh2 Nd4 28. Nf4 Rd8
29. Re1 Nf5 30. Qf3 Qxd6 31. Kh1 Nd4 32. Qg4 Nc2 33. Rf1 Nb4 34. a4 Nd3 35. Nd5 Ne5
36. Qe4 Qe6 37. f3 Nc6 38. Qf4 Qd6 39. Qh4 Ne7 40. Nf4 Nf5 41. Qf2 Qxf4 42. Re1 Ng3+
43. Kg1 Rd2 44. Re8+ Kh7 45. Qe1 Qd4+ 46. Kh2 Nf5 47. Qb1 Qd3 48. Qe1 Qc2 49. Qf1
Nh4 50. Kg3 Rxg2+ 51. Kf4 Qd2+ 52. Ke4 Re2+ 53. Qxe2 Qxe2+ 54. Kf4 Qxe8 55. Kg4 Qe6+
0-1

[Event "2024 British Rapidplay Championship"]
[Site "Holiday Inn Peterborough - West"]
[Date "2024.03.03"]
[Round "9.71"]
[White "Amir, Zain"]
[Black "Smith, Gary P"]
[Result "1-0"]
[WhiteFideId "473227"]
[BlackFideId "424625"]
[WhiteElo "1689"]
[BlackElo "1815"]
[EventDate "2024.03.02"]

1. d4 Nf6 2. Bf4 d6 3. Nf3 g6 4. Nc3 Bg7 5. e4 O-O 6. Qd2 Bg4 7. Be2 Bxf3 8. Bxf3
c6 9. O-O-O Na6 10. e5 dxe5 11. dxe5 Qxd2+ 12. Rxd2 Ne8 13. Rd7 Nec7 14. Rxe7 Ne6
15. Be3 Nac7 16. Bg4 Bxe5 17. Bxe6 fxe6 18. Rd1 Nd5 19. Nxd5 cxd5 20. Rxe6 Bf4 21.
Bxf4 Rxf4 22. f3 Rd8 23. Re7 Rf7 24. Rxf7 Kxf7 25. Re1 b5 26. Kd2 a5 27. Kd3 Rd6
28. Kd4 Rc6 29. Re2 Rd6 30. Kc5 Rd8 31. Kd4 Kf6 32. c3 b4 33. cxb4 axb4 34. Kc5 d4
35. Kxb4 d3 36. Rd2 Ke5 37. Kc3 Rc8+ 38. Kxd3 Rd8+ 39. Ke3 Ra8 40. a3 Rb8 41. b4
h5 42. f4+ Kf5 43. Rd5+ Ke6 44. Rd4 Ra8 45. Rd3 Kf5 46. Rb3 h4 47. Kf3 Rc8 48. b5
Rc4 49. g3 Rc2 50. gxh4 Rxh2 51. Kg3 Rd2 52. b6 Rd8 53. a4 1-0

[Event "2024 British Rapidplay Championship"]
[Site "Holiday Inn Peterborough - West"]
[Date "2024.03.03"]
[Round "9.72"]
[White "Fairhurst, Frederick"]
[Black "Dhingra, Kanvansh"]
[Result "0-1"]
[WhiteFideId "343425682"]
[BlackFideId "33401500"]
[WhiteElo "1600"]
[BlackElo "1592"]
[EventDate "2024.03.02"]

1. e4 c5 2. Nf3 e6 3. d4 cxd4 4. Nxd4 Nc6 5. Be3 Qc7 6. Nc3 a6 7. f3 Nf6 8. Bc4 Na5
9. Bd3 Nc4 10. Bxc4 Qxc4 11. Nb3 Bb4 12. Bd4 a5 13. Qd3 Qxd3 14. cxd3 a4 15. Nd2
Bxc3 16. Bxc3 b5 17. Rc1 Ba6 18. Bb4 Rc8 19. O-O Rc6 20. Rxc6 dxc6 21. Rc1 Kd7 22.
a3 Rc8 23. Kf2 Nh5 24. Ke3 e5 25. Rc5 f6 26. g3 g6 27. Nf1 Ng7 28. d4 Ne6 29. Rc1
exd4+ 30. Kd2 c5 31. Ba5 Bb7 32. Ke2 c4 33. Bb4 Nc5 34. Nd2 Nd3 35. Rc2 Nxb4 36.
axb4 Kd6 37. Ke1 a3 38. bxa3 c3 39. Nb1 f5 40. exf5 gxf5 41. f4 Be4 42. Rc1 Bxb1
43. Rxb1 Kd5 44. Ke2 Ke4 45. Re1 d3+ 46. Kd1+ Kd4 47. Rf1 c2+ 48. Kd2 Re8 49. Rf2
Re2+ 50. Rxe2 dxe2 51. g4 c1=Q+ 52. Kxc1 e1=Q+ 53. Kc2 Qc3+ 54. Kd1 Kd3 55. gxf5
Qa1# 0-1

[Event "2024 British Rapidplay Championship"]
[Site "Holiday Inn Peterborough - West"]
[Date "2024.03.03"]
[Round "9.73"]
[White "Barton, Ben"]
[Black "Middleton, Tom"]
[Result "1/2-1/2"]
[WhiteFideId "343416993"]
[BlackFideId "402834"]
[WhiteElo "1671"]
[BlackElo "1947"]
[EventDate "2024.03.02"]

1. e4 e5 2. d4 exd4 3. c3 d3 4. Bxd3 Nc6 5. Nf3 d5 6. O-O dxe4 7. Bxe4 Qxd1 8. Bxc6+
Qd7 9. Bxd7+ Bxd7 10. Re1+ Ne7 11. Bf4 O-O-O 12. Nbd2 Ng6 13. Bg3 f6 14. Rad1 h5
15. h3 h4 16. Bh2 Bc5 17. Ne4 Bb6 18. a3 Bf5 19. Rxd8+ Rxd8 20. Ned2 Kd7 21. Nc4
Re8 22. Rd1+ Kc8 23. Nxb6+ axb6 24. Nd4 Bd7 25. a4 Ne5 26. Nb5 Bxb5 27. axb5 Nc4
28. Bf4 Nxb2 29. Rd4 Rd8 30. Re4 g5 31. Be3 Nd3 32. Bd4 Nc5 33. Re7 Rd6 34. Rf7 Nd7
35. Rg7 Kd8 36. f4 gxf4 37. Rg4 c5 38. bxc6 bxc6 39. Rxf4 c5 40. Bf2 Rd3 41. c4 Rc3
42. Bxh4 Ke7 43. Re4+ Kf7 44. Be1 Rc2 45. Bg3 Ne5 46. Bxe5 fxe5 47. g4 Kf6 48. h4
Rc1+ 49. Kg2 Rc2+ 50. Kf3 Rc3+ 1/2-1/2

[Event "2024 British Rapidplay Championship"]
[Site "Holiday Inn Peterborough - West"]
[Date "2024.03.03"]
[Round "9.74"]
[White "Fisher, Neal"]
[Black "Lees, Nicholas"]
[Result "0-1"]
[WhiteFideId "442100"]
[BlackFideId "444073"]
[WhiteElo "1647"]
[BlackElo "1802"]
[EventDate "2024.03.02"]

1. d4 d5 2. Bf4 Bf5 3. e3 Nf6 4. c3 e6 5. Nf3 Nbd7 6. Nbd2 a6 7. Ne5 Bd6 8. Ndf3
h6 9. h3 Ne4 10. Qb3 Rb8 11. g4 Bh7 12. h4 f6 13. Nd3 Bxf4 14. Nxf4 Qe7 15. Bg2 c6
16. h5 Qf7 17. Nh4 Nf8 18. Qb4 e5 19. Ne2 Qe7 20. Qxe7+ Kxe7 21. Bxe4 Bxe4 22. f3
Bh7 23. Ng3 Ne6 24. Nhf5+ Kd7 25. Kf2 b6 26. Rad1 exd4 27. cxd4 Rb7 28. e4 dxe4 29.
fxe4 Bxf5 30. Nxf5 Ng5 31. Ng3 Re8 32. e5 fxe5 33. dxe5+ Kc8 34. Rd6 Rf7+ 35. Kg2
Kc7 36. Rc1 c5 37. Rd5 Rf4 38. a3 a5 39. Rcd1 Re7 40. b4 axb4 41. axb4 Rxb4 42. Nf5
Rxg4+ 43. Kh1 Re6 44. Nxg7 Re7 45. Nf5 Re6 46. Ne3 Rh4+ 47. Kg2 Re4 48. Rd7+ Kc6
49. R1d6+ Kb5 50. Rxe6 Nxe6 51. Nf5 Rxe5 52. Nxh6 Rxh5 53. Nf7 c4 54. Nd6+ Kc6 55.
Rb7 Kxd6 56. Rxb6+ Kd5 57. Rb5+ Nc5 58. Kf2 Kd4 59. Ke2 Kc3 60. Kd1 Kd3 61. Ke1 c3
62. Rb8 Re5+ 63. Kf1 c2 64. Rd8+ Kc3 0-1

[Event "2024 British Rapidplay Championship"]
[Site "Holiday Inn Peterborough - West"]
[Date "2024.03.03"]
[Round "9.75"]
[White "Cepoi, Gesneria-Codruta"]
[Black "Nezis, Anastasios"]
[Result "0-1"]
[WhiteFideId "1285297"]
[BlackFideId "424471"]
[WhiteElo "1655"]
[BlackElo "1912"]
[EventDate "2024.03.02"]

1. e4 c5 2. Nc3 g6 3. Bc4 Bg7 4. Nge2 e6 5. d3 Ne7 6. Be3 d6 7. f4 O-O 8. O-O d5
9. exd5 exd5 10. Nxd5 Nxd5 11. Bxc5 Re8 12. Ng3 Ne3 13. Bxe3 Rxe3 14. Ne4 Bf5 15.
Qd2 Bxe4 16. Rad1 Bf5 17. c3 Re7 18. Rde1 Nc6 19. d4 Qc7 20. Rxe7 Nxe7 21. Bb5 a6
22. Ba4 b5 23. Bb3 Be4 24. d5 Qd6 25. c4 bxc4 26. Bxc4 Qc5+ 0-1

[Event "2024 British Rapidplay Championship"]
[Site "Holiday Inn Peterborough - West"]
[Date "2024.03.03"]
[Round "9.76"]
[White "Iyengar, Srihari R"]
[Black "Bellano, Harry"]
[Result "1-0"]
[WhiteFideId "441970"]
[BlackFideId "343430015"]
[WhiteElo "1889"]
[BlackElo "1632"]
[EventDate "2024.03.02"]

1. d4 Nf6 2. Nf3 e6 3. Bg5 d5 4. Nbd2 c5 5. e3 Nc6 6. c3 cxd4 7. exd4 Be7 8. Bd3
Nh5 9. Be3 O-O 10. O-O h6 11. Ne5 Nxe5 12. dxe5 g6 13. Bxh6 Ng7 14. Rb1 Qa5 15. Kh1
Rd8 16. Nf3 Qxa2 17. Nd4 a6 18. f4 Kh7 19. Bg5 Bxg5 20. fxg5 Kg8 21. Qf3 Rd7 22.
g4 Rc7 23. h4 b5 24. h5 gxh5 25. gxh5 Bb7 26. h6 Nf5 27. Bxf5 exf5 28. Qxf5 Qc4 29.
e6 fxe6 30. Qxe6+ Kh7 31. Rf7+ Rxf7 32. Qxf7+ Kh8 33. Qg7# 1-0

[Event "2024 British Rapidplay Championship"]
[Site "Holiday Inn Peterborough - West"]
[Date "2024.03.03"]
[Round "9.77"]
[White "Hristov, Georgi"]
[Black "Mylovanov, Volodymyr"]
[Result "0-1"]
[WhiteFideId "5901766"]
[BlackFideId "34184732"]
[WhiteElo "1654"]
[BlackElo "1877"]
[EventDate "2024.03.02"]

1. d4 Nf6 2. Nf3 c5 3. c3 cxd4 4. cxd4 d5 5. e3 e6 6. Bd3 Nc6 7. Nc3 Qb6 8. a3 h6
9. O-O Be7 10. b4 O-O 11. Re1 Bd7 12. Bb2 Rac8 13. Rc1 a6 14. Na4 Qd8 15. Nc5 Rb8
16. h3 Na7 17. Ne5 Bb5 18. Bb1 Bxc5 19. Rxc5 Ne4 20. Bxe4 dxe4 21. Qc2 f6 22. Ng4
Bd3 23. Qb3 Re8 24. Rec1 Rc8 25. d5 e5 26. d6+ Kh8 27. Qd5 Rxc5 28. Rxc5 Nc6 29.
Nxe5 fxe5 30. Rxc6 bxc6 31. Qxc6 Re6 32. Bxe5 Rxe5 33. d7 Re7 34. Qc8 0-1

[Event "2024 British Rapidplay Championship"]
[Site "Holiday Inn Peterborough - West"]
[Date "2024.03.03"]
[Round "9.78"]
[White "Wainwright, Charlie"]
[Black "Basson, Heinrich"]
[Result "1/2-1/2"]
[WhiteFideId "343426310"]
[BlackFideId "14301440"]
[WhiteElo "1632"]
[BlackElo "1848"]
[EventDate "2024.03.02"]

1. d4 d5 2. c4 c6 3. cxd5 cxd5 4. Nf3 Nf6 5. Bf4 Nc6 6. e3 e6 7. a3 Bd6 8. Bxd6 Qxd6
9. Bd3 O-O 10. Nc3 a6 11. O-O e5 12. dxe5 Nxe5 13. Nxe5 Qxe5 14. Be2 Be6 15. Bf3
Rfd8 16. Qe2 Ne4 17. Bxe4 dxe4 18. Rfd1 Bb3 19. Rd4 Rxd4 20. exd4 Qxd4 21. Qxe4 Qd7
22. Qb4 Bc2 23. Rc1 Qd2 24. Na2 Rd8 25. Qxd2 Rxd2 26. b4 h6 27. h3 g6 28. Nc3 Bf5
29. Na4 Ra2 30. Rc3 Ra1+ 31. Kh2 Kg7 32. Nc5 Bc8 33. Nb3 Rxa3 34. Rxc8 Rxb3 35. Rc4
Rb2 36. Kg3 Kf6 37. Kf3 Ke6 38. Ke3 f5 39. g4 Rb3+ 40. Kd2 Kd5 41. Rf4 b5 42. gxf5
gxf5 43. Rh4 h5 44. Rxh5 Rxb4 45. Rxf5+ Ke4 46. Rc5 Kf3 47. Kc3 Ra4 48. Rf5 Kg2 49.
h4 Rxh4 50. Rf6 Ra4 51. f4 Kf3 52. f5 Ke4 53. Rf8 Ke5 54. Kb3 Ra1 55. Kb2 Ra4 56.
Kb3 Rf4 57. Ra8 Ra4 58. Rf8 Rb4+ 1/2-1/2

[Event "2024 British Rapidplay Championship"]
[Site "Holiday Inn Peterborough - West"]
[Date "2024.03.03"]
[Round "9.79"]
[White "Kennedy, Craig"]
[Black "Chedd, Neil"]
[Result "1-0"]
[WhiteFideId "408905"]
[BlackFideId "343422853"]
[WhiteElo "1839"]
[BlackElo "1603"]
[EventDate "2024.03.02"]

1. e4 c6 2. d4 d5 3. e5 Bf5 4. Ne2 e6 5. Ng3 Bg6 6. h4 h6 7. h5 Bh7 8. Bd3 Bxd3 9.
cxd3 Nd7 10. Nc3 Be7 11. Qg4 Bf8 12. f4 Qb6 13. f5 c5 14. fxe6 Qxe6 15. Qxe6+ fxe6
16. Nb5 Kd8 17. Be3 b6 18. O-O cxd4 19. Nxd4 Nxe5 20. Rxf8+ 1-0

[Event "2024 British Rapidplay Championship"]
[Site "Holiday Inn Peterborough - West"]
[Date "2024.03.03"]
[Round "9.80"]
[White "Ferris, Oliver"]
[Black "Caraway, Samuel"]
[Result "0-1"]
[WhiteFideId "343400850"]
[BlackFideId "444766"]
[WhiteElo "1546"]
[BlackElo "1834"]
[EventDate "2024.03.02"]

1. e4 Nc6 2. Nf3 f5 3. exf5 d5 4. d4 Bxf5 5. Bb5 a6 6. Ba4 b5 7. Bb3 Na5 8. Ne5 Nf6
9. Bg5 e6 10. Nd2 c5 11. dxc5 Bxc5 12. O-O Ra7 13. c3 Nxb3 14. axb3 Qc7 15. Bxf6
gxf6 16. Qh5+ Kd8 17. Nf7+ Qxf7 18. Qxf7 Rxf7 19. Rxa6 Rc7 20. b4 Be7 21. Rfa1 Kd7
22. Nb3 Rhc8 23. h3 e5 24. Kh2 Bd3 25. Nc1 Bf5 26. Nb3 Be6 27. Nc5+ Bxc5 28. bxc5
Rxc5 29. Rb6 f5 30. Ra7+ R8c7 31. Raa6 R5c6 32. Rxc6 Rxc6 33. Ra7+ Kd6 34. Rxh7 d4
35. cxd4 exd4 36. Rh4 Kd5 37. Rf4 Rc2 38. b3 Rc3 39. g4 fxg4 40. hxg4 Rxb3 41. g5
d3 42. Rf3 Kc4 43. Re3 Bd5 44. Re1 d2 45. Rd1 Kd3 46. g6 Rc3 47. Rg1 Rc1 48. Rg5
Bc4 49. Rg3+ Kc2 50. Rg2 d1=Q 51. f4+ Kb3 52. f5 Qh5+ 53. Kg3 Qxf5 0-1

[Event "2024 British Rapidplay Championship"]
[Site "Holiday Inn Peterborough - West"]
[Date "2024.03.03"]
[Round "9.81"]
[White "Mouskos, Mia"]
[Black "Graham, Neil"]
[Result "1/2-1/2"]
[WhiteFideId "488380"]
[BlackFideId "408999"]
[WhiteElo "1539"]
[BlackElo "1824"]
[EventDate "2024.03.02"]

1. e4 e5 2. Nf3 Nf6 3. Nxe5 d6 4. Nf3 Nxe4 5. d4 d5 6. Bd3 Be7 7. O-O Nc6 8. Re1
Bg4 9. c3 f5 10. Bf4 O-O 11. h3 Bh5 12. Be2 Bd6 13. Bxd6 Qxd6 14. Ne5 Bxe2 15. Qxe2
Rae8 16. f4 Re6 1/2-1/2

[Event "2024 British Rapidplay Championship"]
[Site "Holiday Inn Peterborough - West"]
[Date "2024.03.03"]
[Round "9.82"]
[White "Wastney, Dylan"]
[Black "Darbost, Fabien"]
[Result "1-0"]
[WhiteFideId "343112498"]
[BlackFideId "343407200"]
[WhiteElo "1800"]
[BlackElo "1615"]
[EventDate "2024.03.02"]

1. e4 e5 2. Nf3 Nc6 3. Bb5 d6 4. c3 Nf6 5. d3 Be7 6. O-O Bg4 7. h3 Bh5 8. Nbd2 a6
9. Ba4 O-O 10. Re1 Nd7 11. Nf1 Nb6 12. Bb3 Bf6 13. Ng3 Bg6 14. d4 Re8 15. d5 Ne7
16. Be3 Rc8 17. Rc1 Na8 18. c4 c6 19. Qd2 c5 20. Bc2 b5 21. Bd3 Rb8 22. Rb1 b4 23.
a3 a5 24. axb4 axb4 25. Ra1 Qb6 26. b3 Nc7 27. Ra4 Ra8 28. Rea1 Reb8 29. h4 h5 30.
Ng5 Bxg5 31. Bxg5 f6 32. Be3 Rxa4 33. Rxa4 Rf8 34. Be2 f5 35. exf5 Nxf5 36. Nxf5
Rxf5 37. Bd3 Rf6 38. Bg5 Bxd3 39. Bxf6 Bxc4 40. bxc4 gxf6 41. Ra1 Kg7 42. f4 e4 43.
f5 b3 44. Rb1 Nxd5 45. Qxd5 b2 46. Qxe4 Kf7 47. Qc2 Qb8 48. Rxb2 Qe8 49. Rb7+ Kf8
50. Qd2 Qc8 51. Qh6+ 1-0

[Event "2024 British Rapidplay Championship"]
[Site "Holiday Inn Peterborough - West"]
[Date "2024.03.03"]
[Round "9.83"]
[White "Zhang, Junyi"]
[Black "Keshari, Rohit"]
[Result "1-0"]
[WhiteFideId "494437"]
[BlackFideId "497088"]
[WhiteElo "1701"]
[BlackElo "1590"]
[EventDate "2024.03.02"]

1. e4 e6 2. d4 d5 3. Nd2 c5 4. exd5 exd5 5. Ngf3 Nc6 6. Bb5 Bg4 7. h3 Bh5 8. dxc5
Bxf3 9. Qxf3 Bxc5 10. O-O Nf6 11. Re1+ Be7 12. Qe2 a6 13. Bxc6+ bxc6 14. b3 Ra7 15.
Ba3 Qc7 16. Bc5 Rb7 17. Qxa6 Kd8 18. Rxe7 Nd7 19. Rae1 Qb8 20. Qxc6 Rc7 21. Bb6 Qxb6
22. Rxd7+ 1-0

[Event "2024 British Rapidplay Championship"]
[Site "Holiday Inn Peterborough - West"]
[Date "2024.03.03"]
[Round "9.85"]
[White "Letton, Rob"]
[Black "Manavalan, Keerthi Kumar"]
[Result "1-0"]
[WhiteFideId "464384"]
[BlackFideId "343412661"]
[WhiteElo "1722"]
[BlackElo "1559"]
[EventDate "2024.03.02"]

1. e4 c5 2. Nc3 d6 3. g3 g6 4. Bg2 Nc6 5. d3 Bg7 6. Be3 Nf6 7. h3 a6 8. Rb1 Qc7 9.
f4 Nd7 10. g4 Qa5 11. Qd2 e6 12. Nge2 O-O 13. O-O Qc7 14. f5 exf5 15. exf5 Qd8 16.
Ng3 Nf6 17. g5 Nd7 18. f6 Bh8 19. h4 Nde5 20. Bf4 Re8 21. Nd5 Rb8 22. Rbe1 Bd7 23.
c3 Be6 24. Ne2 Qd7 25. d4 cxd4 26. Nxd4 Bxd5 27. Bxd5 Qg4+ 28. Qg2 Qxh4 29. Re3 Qg4
30. Rg3 Qd7 31. Qh2 Nb4 1-0

[Event "2024 British Rapidplay Championship"]
[Site "Holiday Inn Peterborough - West"]
[Date "2024.03.03"]
[Round "9.86"]
[White "Stokes, Richard"]
[Black "Sudagar, Vidhyuth Kavin"]
[Result "0-1"]
[WhiteFideId "432628"]
[BlackFideId "343430244"]
[WhiteElo "1692"]
[BlackElo "1542"]
[EventDate "2024.03.02"]

1. e4 c6 2. d4 d5 3. f3 Nf6 4. e5 Ng8 5. f4 e6 6. Ne2 Ne7 7. Ng3 Ng6 8. Bd3 Be7 9.
O-O Bh4 10. f5 exf5 11. Bxf5 Bxg3 12. hxg3 Bxf5 13. Rxf5 Qb6 14. c3 Nd7 15. Qf3 O-O-O
16. Rxf7 Ngxe5 17. Qf1 Nxf7 18. Qxf7 Ne5 19. Qf5+ Nd7 20. Nd2 h5 21. Nf3 Qc7 22.
Bf4 Qb6 23. Ne5 Qxb2 24. Rb1 Rhf8 25. Nxc6 bxc6 26. Rxb2 Rxf5 27. a4 Re8 28. a5 Re1+
29. Kh2 Ra1 30. Re2 Rf8 0-1

[Event "2024 British Rapidplay Championship"]
[Site "Holiday Inn Peterborough - West"]
[Date "2024.03.03"]
[Round "9.87"]
[White "Markan, Sanket"]
[Black "Broomfield, Daniel"]
[Result "1-0"]
[WhiteFideId "343442226"]
[BlackFideId "343110840"]
[WhiteElo "1680"]
[BlackElo "1519"]
[EventDate "2024.03.02"]

1. d4 Nf6 2. c4 g6 3. Nc3 Bg7 4. e4 d6 5. Be2 O-O 6. Bg5 h6 7. Be3 e5 8. d5 Nbd7
9. b4 Nh7 10. Qd2 g5 11. h4 f6 12. f3 Re8 13. Nh3 Ndf8 14. Nf2 Ng6 15. hxg5 fxg5
16. Nd3 c6 17. Rd1 Nh4 18. Kf2 Rf8 19. c5 Nf6 20. dxc6 Ng4+ 21. Kg1 Nxe3 22. cxb7
Bxb7 23. Qxe3 Rc8 24. Nf2 Rf6 25. Ng4 Re6 26. Bc4 Qe7 27. Rxd6 1-0

[Event "2024 British Rapidplay Championship"]
[Site "Holiday Inn Peterborough - West"]
[Date "2024.03.03"]
[Round "9.88"]
[White "Zajaczkowski, Marek"]
[Black "Casti, Cristina"]
[Result "0-1"]
[WhiteFideId "343410685"]
[BlackFideId "2819045"]
[WhiteElo "1672"]
[BlackElo "1495"]
[EventDate "2024.03.02"]

1. f4 f5 2. Nf3 Nf6 3. b3 b6 4. e3 Bb7 5. Bb2 e6 6. Be2 Be7 7. O-O O-O 8. d3 Nd5
9. Qd2 Bc5 10. d4 Be7 11. Ba3 c5 12. c3 Nc6 13. Ne5 Rc8 14. Bf3 Nxe5 15. fxe5 Qc7
16. Bb2 Bg5 17. Re1 f4 18. e4 Ne3 19. Qe2 a6 20. Bc1 cxd4 21. Bxe3 dxe3 22. c4 Qc5
23. Nc3 Qxe5 24. Rac1 Qc5 25. Bg4 Bh4 26. Red1 Bf2+ 27. Kf1 Rfd8 28. Rxd7 Qc6 29.
Rxb7 Qxb7 30. Bxe6+ Kf8 31. Bxc8 Qxc8 32. Nd5 Qe6 33. Qf3 g5 34. Rd1 Kg7 35. Ke2
Kg6 36. Nxf4+ gxf4 37. Rxd8 Qf6 38. Qg4+ Kh6 39. Rd5 f3+ 40. gxf3 Qb2+ 41. Kf1 Qc1+
42. Kg2 Qg1+ 43. Kh3 Qf1+ 0-1

[Event "2024 British Rapidplay Championship"]
[Site "Holiday Inn Peterborough - West"]
[Date "2024.03.03"]
[Round "9.89"]
[White "Herring, Tim JC"]
[Black "Shankar, Yashwardhan"]
[Result "0-1"]
[WhiteFideId "429775"]
[BlackFideId "2411067"]
[WhiteElo "1755"]
[BlackElo "1254"]
[EventDate "2024.03.02"]

1. d4 Nf6 2. Bf4 g6 3. Nf3 Bg7 4. e3 O-O 5. Bd3 d6 6. Nbd2 b6 7. c3 Bb7 8. Qc2 Nbd7
9. O-O Re8 10. b4 e5 11. Bg5 h6 12. dxe5 dxe5 13. Bxf6 Nxf6 14. e4 Qe7 15. Rfe1 Rad8
16. Rad1 Nh5 17. g3 Rf8 18. Nc4 f5 19. exf5 Bxf3 20. Rd2 gxf5 21. Bxf5 Rxd2 22. Nxd2
Bd5 23. f3 Qg5 24. Bg4 Nf6 25. Bf5 Ne8 26. Bg4 h5 27. h4 Qh6 28. Bd7 Nd6 29. Qd3
Be6 30. Bc6 Nf5 31. Kg2 Qg6 32. Ne4 Nxh4+ 33. Kh2 Nxf3+ 34. Kh1 Nxe1 35. Qe3 Rf1+
36. Kh2 Qf5 37. Ng5 Rf2+ 38. Kg1 Rf1+ 39. Kh2 Qf2+ 40. Qxf2 Rxf2+ 41. Kg1 Rf6 42.
Ne4 Rg6 43. Kf2 Nd3+ 44. Kf3 Bg4+ 45. Ke3 Bf5 46. Kxd3 Rxg3+ 47. Kc4 Bxe4 48. Bxe4
Rg4 49. Kd5 c6+ 50. Kxc6 Rxe4 51. Kb7 h4 52. Kxa7 h3 53. Kxb6 h2 54. Kb5 h1=Q 55.
c4 Rxc4 0-1

[Event "2024 British Rapidplay Championship"]
[Site "Holiday Inn Peterborough - West"]
[Date "2024.03.03"]
[Round "9.90"]
[White "Bennet, Freddie"]
[Black "Mohamed Nasrudeen Meeran, Muiz Ul Meeran"]
[Result "0-1"]
[WhiteFideId "343437133"]
[BlackFideId "343423744"]
[WhiteElo "1460"]
[BlackElo "1642"]
[EventDate "2024.03.02"]

1. e4 e5 2. Nf3 Nc6 3. Bb5 d6 4. d4 exd4 5. Nxd4 Bd7 6. Nxc6 bxc6 7. Bc4 Nf6 8. O-O
Be7 9. Re1 O-O 10. Nc3 h6 11. e5 dxe5 12. Rxe5 Bd6 13. Re1 Re8 14. h3 Rxe1+ 15. Qxe1
Qe8 16. Qxe8+ Rxe8 17. Be3 c5 18. Rd1 Ne4 19. Nb5 Bxb5 20. Bxb5 Rb8 21. Bd3 Nf6 22.
b3 Kf8 23. Re1 Re8 24. Bd2 Rxe1+ 25. Bxe1 Ke7 26. c4 Nd7 27. Bc3 f6 28. Bf5 Nb8 29.
Kf1 Nc6 30. a3 Be5 31. Bxe5 Nxe5 32. Ke2 Kd6 33. Ke3 Nc6 34. Kf4 Nd4 35. b4 cxb4
36. axb4 Nc6 37. Bd3 Nxb4 38. Ke4 Nxd3 39. Kxd3 Kc5 40. Kc3 a5 41. f4 a4 42. g4 a3
43. h4 a2 44. Kb2 Kxc4 45. f5 Kd4 46. g5 fxg5 47. hxg5 hxg5 0-1

[Event "2024 British Rapidplay Championship"]
[Site "Holiday Inn Peterborough - West"]
[Date "2024.03.03"]
[Round "9.91"]
[White "Zeynalli, Nial"]
[Black "Brown, Chris"]
[Result "1/2-1/2"]
[WhiteFideId "343404332"]
[BlackFideId "343412343"]
[WhiteElo "1527"]
[BlackElo "1623"]
[EventDate "2024.03.02"]

1. Nf3 Nf6 2. g3 d5 3. Bg2 Bf5 4. O-O e6 5. d3 Bd6 6. Nbd2 O-O 7. Re1 Be7 8. c3 c5
9. c4 Nc6 10. Nh4 Bg6 11. Nxg6 hxg6 12. a3 Qb6 13. Qc2 Rac8 14. cxd5 exd5 15. Nf3
Rfd8 16. Bd2 a5 17. e4 dxe4 18. dxe4 Nd4 19. Nxd4 cxd4 20. Qa4 Qxb2 21. Bxa5 Ng4
22. Bxd8 Qxf2+ 23. Kh1 Rxd8 24. Rf1 Qe3 25. Rf3 Nf2+ 26. Kg1 Nh3+ 27. Kh1 Nf2+ 28.
Kg1 Nh3+ 1/2-1/2

[Event "2024 British Rapidplay Championship"]
[Site "Holiday Inn Peterborough - West"]
[Date "2024.03.03"]
[Round "9.92"]
[White "Mehta, Zara"]
[Black "Blair, Jimmy"]
[Result "1/2-1/2"]
[WhiteFideId "343401236"]
[BlackFideId "437565"]
[WhiteElo "1125"]
[BlackElo "1580"]
[EventDate "2024.03.02"]

1. d4 d5 2. Bf4 Nc6 3. e3 Nf6 4. Nf3 Bg4 5. Nbd2 Ne4 6. Be2 e6 7. h3 Bxf3 8. Nxf3
Bb4+ 9. c3 Nxc3 10. Qb3 Ne4+ 11. Kf1 O-O 12. Rd1 Bd6 13. Qxb7 Bxf4 14. exf4 Na5 15.
Qb5 c6 16. Qa6 Qe7 17. Ne5 Nc4 18. Bxc4 dxc4 19. Qxc4 Qh4 20. g3 Nxg3+ 21. fxg3 Qxg3
22. Rd3 Qxf4+ 23. Rf3 Qe4 24. Rg1 Qd5 25. Qxd5 cxd5 26. Ng4 Rac8 27. Nh6+ Kh8 28.
Nxf7+ Kg8 29. Nh6+ Kh8 30. Nf7+ 1/2-1/2

[Event "2024 British Rapidplay Championship"]
[Site "Holiday Inn Peterborough - West"]
[Date "2024.03.03"]
[Round "9.93"]
[White "Dupuis, Daniel"]
[Black "Ebbutt, Samuel"]
[Result "1/2-1/2"]
[WhiteFideId "343410529"]
[BlackFideId "343421644"]
[WhiteElo "1542"]
[BlackElo "1521"]
[EventDate "2024.03.02"]

1. e4 c6 2. d4 d6 3. c4 g6 4. Nc3 Bg7 5. Nf3 Bg4 6. Be3 Nd7 7. h3 Bxf3 8. Qxf3 e5
9. d5 c5 10. a3 Ngf6 11. b4 Rc8 12. Nb5 Qb6 13. a4 O-O 14. a5 Qa6 15. Nc7 Qxc4 16.
Bxc4 Rxc7 17. bxc5 Nxc5 18. Bxc5 Rxc5 19. Bd3 Rfc8 20. O-O Rc3 21. Qe2 Nh5 22. g3
Bh6 23. a6 b6 24. Kg2 Bf4 25. g4 Nf6 26. Bb5 Rb3 27. Bc6 Rb4 28. f3 h5 29. Rfb1 Rd4
30. Ra2 Nh7 31. gxh5 gxh5 32. Kh1 Nf6 33. Qg2+ Kh7 34. Qf2 Rg8 35. Rg1 Rg6 36. Rxg6
fxg6 37. Rc2 Kh6 38. Qh4 g5 39. Qf2 h4 40. Bb7 Nh5 41. Rc6 Rd1+ 42. Kg2 Bg3 43. Rxd6+
Kg7 44. Rd7+ Kf8 45. Qe3 Nf4+ 46. Qxf4+ Bxf4 47. Bc6 b5 48. Bxb5 Bg3 49. Rxa7 Rd2+
50. Kf1 Rf2+ 51. Kg1 Rb2 52. Ra8+ Ke7 53. Bc6 Ra2 54. a7 Bf2+ 55. Kf1 Bxa7 56. Re8+
Kd6 57. Re6+ Kc5 58. Rxe5 Ra1+ 59. Ke2 Ra2+ 60. Kd3 Rh2 61. Rxg5 Rxh3 62. Ke3 Rg3
63. Rh5 Rh3 64. Kf4 Bb8+ 65. Kg4 Rg3+ 66. Kxh4 Rxf3 67. Kg4 Rf4+ 68. Kg5 Rxe4 69.
Rh1 Re5 70. Kf6 Kd6 71. Rh8 Bc7 72. Rh7 Bb8 73. Rd7+ Kc5 74. Rd8 Bc7 75. Rc8 Bd6
76. Bb7+ Kd4 77. Ba8 Ke4 78. Rc1 Kd4 79. Bc6 Rh5 80. Rg1 Re5 81. Rg4+ Kc5 82. Kf7
Re7+ 83. Kf6 Re5 84. Rg5 Rxg5 85. Kxg5 Bc7 86. Kf6 Bd6 87. Ke6 Bh2 88. Ba4 Bd6 89.
Bb3 Bh2 90. Ba2 Bd6 91. Bb1 Bh2 92. Be4 Bd6 93. Kd7 Bh2 94. Ke7 Bd6+ 1/2-1/2

[Event "2024 British Rapidplay Championship"]
[Site "Holiday Inn Peterborough - West"]
[Date "2024.03.03"]
[Round "9.94"]
[White "Waterman, Nick I"]
[Black "Sriram, Gautam"]
[Result "1/2-1/2"]
[WhiteFideId "443123"]
[BlackFideId "498491"]
[WhiteElo "1667"]
[BlackElo "1480"]
[EventDate "2024.03.02"]

1. Nf3 Nf6 2. c4 e6 3. g3 Be7 4. Bg2 O-O 5. O-O d5 6. b3 Nbd7 7. Bb2 b6 8. Nc3 Bb7
9. Rc1 c5 10. e3 Rc8 11. Qe2 Qc7 12. Rfd1 Rfd8 13. cxd5 Nxd5 14. d4 N7f6 15. dxc5
bxc5 16. Nxd5 Bxd5 17. Ne5 Bxg2 18. Kxg2 Bd6 19. Nc4 Be7 20. Rxd8+ Rxd8 21. Bc3 Qb7+
22. Kg1 Nd5 23. Bb2 Nb4 24. Ba1 h6 25. Qg4 g6 26. Qf4 g5 27. Qe5 f6 28. Qxe6+ Kg7
29. e4 Qd7 30. Qxd7 Rxd7 31. f3 Nxa2 32. Re1 Rd3 33. Kf2 Rxb3 34. Rd1 Rb7 1/2-1/2